[Event "Open"]
[Site "Cannes FRA"]
[Date "2000.02.26"]
[Round "7"]
[White "Soulages,L"]
[Black "Helstroffer,A"]
[Result "0-1"]
[WhiteElo "2121"]
[BlackElo "2076"]

1.Nf3 Nf6 2.c4 g6 3.Nc3 Bg7 4.e4 d6 5.d4 O-O 6.Be2 e5 7.O-O Nc6 8.d5 Ne7
9.Nh4 h6 10.g3 Nh7 11.f4 Bh3 12.Rf2 exf4 13.gxf4 Nxd5 14.Nxd5 Qxh4 15.Nxc7 Rac8
16.Nd5 Rfe8 17.Qd3 f5 18.Be3 Rxe4 19.Nc3 Bxc3 20.bxc3 Rce8 21.Bxa7 Nf6 22.Rb1 Rxe2
23.Rxe2 Qg4+ 24.Kf2 Rxe2+ 25.Qxe2 Ne4+ 26.Ke1 Qxe2+ 27.Kxe2 Nxc3+ 28.Kd2 Nxb1+
29.Kc2 Bf1 30.Kxb1 Bxc4 31.a3 g5 32.Be3 g4 33.Kc2 Kf7 34.Kc3 Bf1 35.Kd4 Ke6
36.Bf2 Kd7 37.Bh4 Kc6 38.Bf6 h5 39.Bd8 Kb5 40.Be7 Ka4 41.Bxd6 h4 42.Ke3 g3
43.h3 Bxh3 44.Kf3 Bf1 45.Bf8 b6 46.Be7 g2 47.Kf2 Kb3 48.Bd8 b5 49.Be7 h3
50.Kg1 Kc4 51.Kh2 Kd4 52.Bd6 Ke4  0-1

[Event "Open"]
[Site "Cannes FRA"]
[Date "2000.02.27"]
[Round "8"]
[White "Nezar,M"]
[Black "Lagunes,J"]
[Result "0-1"]
[WhiteElo "2315"]
[BlackElo "2157"]

1.c4 Nf6 2.Nc3 g6 3.d4 Bg7 4.e4 d6 5.Be2 O-O 6.Nf3 e5 7.O-O Nc6 8.d5 Ne7
9.Ne1 Nd7 10.Be3 f5 11.f3 f4 12.Bf2 g5 13.a4 a6 14.a5 Rf6 15.Nd3 h5 16.c5 Rg6
17.Na4 Kh8 18.Rc1 Ng8 19.cxd6 cxd6 20.Be1 Nh6 21.Nf2 Qg8 22.Bb4 Bf8 23.Rc7 g4
24.Kh1 g3 25.Nd3 gxh2 26.Rf2 Be7 27.Bf1 Bd8 28.Rc1 h4 29.Rfc2 h3 30.Qe2 Bh4
31.Rc7 Nf7 32.Qc2 hxg2+ 33.Bxg2 Nc5 34.Rxc8 Rxc8 35.Ndxc5 dxc5 36.Bxc5 Nd6
37.b4 Qg7 38.Rd1 Rg8 39.Rd2 Nc4 40.Re2 Ne3 41.Bxe3 fxe3 42.Nc5 Bf2 43.Rxf2 exf2
44.Qxf2 Qh6 45.Qb2 Rxg2 46.Qxe5+ R8g7 47.Qe8+ Kh7  0-1

[Event "Oz.com qualifier blitz"]
[Site "Internet ICC"]
[Date "2000.03.05"]
[Round "2"]
[White "Reimaa,S"]
[Black "Goldenberg,D"]
[Result "1-0"]
[WhiteElo "2101"]
[BlackElo "2244"]

1.d4 Nf6 2.c4 g6 3.Nc3 Bg7 4.e4 d6 5.Nf3 O-O 6.Be2 e5 7.O-O Nc6 8.d5 Ne7
9.b4 Nh5 10.Re1 Nf4 11.Bf1 a5 12.bxa5 Rxa5 13.a4 c5 14.Nb5 Ra6 15.Qb3 f5
16.Ng5 h6 17.Nf3 fxe4 18.Rxe4 Bf5 19.Re1 g5 20.Bb2 Neg6 21.Nd2 Nh5 22.Ne4 Bxe4
23.Rxe4 Nf6 24.Ree1 Qd7 25.g3 Ng4 26.Bh3 e4 27.Bxg7 Kxg7 28.Rxe4 N6e5 29.Rae1 Nf3+
30.Qxf3 Rxf3 31.Re7+ Qxe7 32.Rxe7+ Kf8 33.Bxg4 Rb3 34.Rxb7 Rxa4 35.Nxd6 Rxb7
36.Nxb7 Rxc4 37.d6 Rxg4 38.d7 Rd4 39.d8=Q+ Rxd8 40.Nxd8 c4 41.Ne6+ Ke7 42.Nd4 Kd6
43.Ne2 Kd5 44.f3 g4 45.Kf2 h5 46.fxg4 hxg4 47.Ke3 Ke5 48.Nc3  1-0

[Event "Oz.com qualifier blitz"]
[Site "Internet ICC"]
[Date "2000.03.05"]
[Round "3"]
[White "Johannessen,LE"]
[Black "Socko,B"]
[Result "1-0"]
[WhiteElo "2431"]
[BlackElo "2556"]

1.d4 Nf6 2.c4 g6 3.Nc3 Bg7 4.e4 O-O 5.Nf3 d6 6.Be2 e5 7.O-O Nc6 8.d5 Ne7
9.Ne1 Nd7 10.Be3 f5 11.f3 f4 12.Bf2 g5 13.a4 a6 14.Nd3 Rf6 15.Be1 Rh6 16.Nf2 a5
17.Nb5 Nf6 18.b4 Rg6 19.h3 Nh5 20.Nh1 c6 21.dxc6 bxc6 22.bxa5 cxb5 23.axb5 Nf6
24.c5 Ne8 25.c6 d5 26.Nf2 h5 27.Bb4 d4 28.Qb3+ Kh7 29.Rfc1 Be6 30.Bc4 Bxc4
31.Qxc4 Nc8 32.c7 Qd7 33.b6 g4 34.hxg4 hxg4 35.Nxg4 Ned6 36.Qd5 Rxg4 37.fxg4 Qxg4
38.Ra3 f3 39.Rxf3 Bh6 40.Rcf1 Nxe4 41.Qf7+ Kh8 42.Rh3 Qg5 43.Qf8+ Kh7 44.Rf7+ Kg6
45.Qg8+  1-0

[Event "Oz.com qualifier blitz"]
[Site "Internet ICC"]
[Date "2000.03.05"]
[Round "5"]
[White "Altounian,L"]
[Black "Dimitrijeski,B"]
[Result "1/2-1/2"]
[WhiteElo "2438"]
[BlackElo "2194"]

1.Nf3 Nf6 2.c4 g6 3.Nc3 Bg7 4.e4 d6 5.d4 O-O 6.Be2 e5 7.O-O Nc6 8.dxe5 dxe5
9.Bg5 Bg4 10.Qxd8 Nxd8 11.Bxf6 Bxf6 12.Nd5 Bxf3 13.Bxf3 Kg7 14.Nxc7 Rc8 15.Nb5 Rxc4
16.Nxa7 Rc2 17.b4 Ne6 18.a4 Be7 19.Rfc1 Rxc1+ 20.Rxc1 Ra8 21.Nc8  1/2-1/2

[Event "Oz.com qualifier blitz"]
[Site "Internet ICC"]
[Date "2000.03.05"]
[Round "5"]
[White "Tratar,M"]
[Black "Al Modiahki,M"]
[Result "1-0"]
[WhiteElo "2439"]
[BlackElo "2538"]

1.Nf3 Nf6 2.c4 g6 3.Nc3 Bg7 4.e4 d6 5.d4 O-O 6.Be2 e5 7.O-O Nc6 8.d5 Ne7
9.Nd2 a5 10.a3 Bd7 11.Rb1 a4 12.b4 axb3 13.Nxb3 b6 14.Ra1 Ba4 15.Nxa4 Rxa4
16.Nd2 Ra7 17.a4 Qd7 18.Bd3 Rfa8 19.Bc2 Qe8 20.Nb1 Nd7 21.Nc3 Nc5 22.Nb5 Rb7
23.Bd2 Qd7 24.a5 bxa5 25.Bxa5 Bf8 26.Bb4 Rbb8 27.Qd2 c6 28.Rxa8 Rxa8 29.dxc6 Qxc6
30.Qxd6 Qxd6 31.Nxd6 Ne6 32.Nb5 Nc6 33.Bc3 Ra2 34.Bb3 Ra8 35.Rd1 Nc5 36.Bc2 Ra2
37.Bb1 Ra4 38.f3 Rxc4 39.Ba2 Ra4 40.Bd5 Nd4 41.Nxd4 exd4 42.Rxd4 Nxe4 43.Rxe4 Ra3
44.Bb4  1-0

[Event "Oz.com qualifier blitz"]
[Site "Internet ICC"]
[Date "2000.03.05"]
[Round "5"]
[White "Rechlis,G"]
[Black "Flores,Di"]
[Result "1-0"]
[WhiteElo "2507"]
[BlackElo "2373"]

1.d4 Nf6 2.c4 g6 3.Nc3 Bg7 4.e4 d6 5.Be2 O-O 6.Nf3 e5 7.O-O Nc6 8.d5 Ne7
9.Ne1 Nd7 10.Be3 f5 11.f3 f4 12.Bf2 g5 13.a4 h5 14.Nb5 Nf6 15.Nxa7 Bd7 16.c5 g4
17.cxd6 cxd6 18.Qb3 Ng6 19.Bb6 Qe7 20.Rc1 g3 21.Rc7 Ne8 22.Rxd7 Qxd7 23.h3 Nf6
24.Bb5 Qe7 25.Nd3 Nh7 26.Rc1 Rxa7 27.Rc7 Qh4 28.Bxa7 Ng5 29.Ne1 Nxh3+ 30.gxh3 Qxh3
31.Qc2 Qh4 32.Bd7 Kh8 33.Be6 Qg5 34.Qg2 Bf6 35.Qh3 Bd8 36.Rxb7 Ba5 37.Ng2 Bd2
38.Bf5 Be3+ 39.Kh1 Bxa7 40.Rxa7 Rb8 41.Bxg6 Qxg6 42.Qe6 Qxe6 43.dxe6 Rxb2
44.Ra8+ Kg7 45.e7 Rb1+ 46.Ne1 Rxe1+ 47.Kg2 Re2+ 48.Kf1 Rf2+ 49.Kg1  1-0

[Event "Oz.com qualifier blitz"]
[Site "Internet ICC"]
[Date "2000.03.05"]
[Round "8"]
[White "Gofshtein,L"]
[Black "Zimin,V"]
[Result "1-0"]
[WhiteElo "2580"]
[BlackElo "2338"]

1.d4 Nf6 2.c4 g6 3.Nc3 Bg7 4.e4 d6 5.Nf3 O-O 6.Be2 e5 7.O-O Nc6 8.d5 Ne7
9.b4 a5 10.bxa5 Rxa5 11.Nd2 c5 12.a4 Ra6 13.Ra3 Bh6 14.Qc2 Ne8 15.Nb3 Bxc1
16.Qxc1 f5 17.exf5 Nxf5 18.Ne4 Nf6 19.Ng3 Nd4 20.Nxd4 exd4 21.h3 Qe7 22.Bd3 Nd7
23.f4 Qh4 24.Ne4 Nf6 25.Nxf6+ Qxf6 26.f5 g5 27.Be2 Re8 28.Bh5 Re5 29.Rg3 h6
30.h4 Rxf5 31.Rxf5 Qxf5 32.hxg5 Qe5 33.Qf1 Qxg3 34.Qf7+ Kh8 35.Qf8+ Kh7 36.g6+ Qxg6
37.Bxg6+ Kxg6 38.Qxc8 Rb6 39.Qe8+ Kf5 40.Qe6+ Kf4 41.Qe2 Rb3 42.Qd2+ Ke5
43.Qe1+ Re3 44.Qc1 Ke4 45.Kf2 Kd3 46.Qd1+ Kxc4 47.Qb1 Rb3 48.Qg6 d3 49.Ke3 Ra3
50.g4 Kb4 51.Qxd6 Kc4 52.Qe6 Kc3 53.d6 c4 54.d7 Ra2 55.Qf6+ Kb3 56.Qb6+ Kc3
57.Qd4+ Kb3 58.d8=Q Re2+ 59.Kf3  1-0

[Event "Oz.com qualifier blitz"]
[Site "Internet ICC"]
[Date "2000.03.05"]
[Round "8"]
[White "Dautov,R"]
[Black "Flores,Di"]
[Result "0-1"]
[WhiteElo "2602"]
[BlackElo "2373"]

1.d4 Nf6 2.Nf3 g6 3.c4 Bg7 4.Nc3 O-O 5.e4 d6 6.Be2 e5 7.O-O Nc6 8.d5 Ne7
9.b4 a5 10.bxa5 c5 11.a4 Rxa5 12.Nd2 Nd7 13.Nb3 Ra6 14.a5 f5 15.f3 f4 16.Na4 g5
17.g4 fxg3 18.hxg3 Ng6 19.Bd2 h5 20.Rf2 h4 21.g4 Nf4 22.Bf1 Nf6 23.Nb6 Bxg4
24.fxg4 Nxe4 25.Rf3 Nxd2 26.Nxd2 e4 27.Rfa3 e3 28.Nf3 Qe8 29.R1a2 Bd4 30.Nxd4 cxd4
31.Bd3 Nh3+ 32.Kh1 Qe5 33.Qe1 Nf2+ 34.Rxf2 Rxf2 35.Qg1 Qf4  0-1

[Event "FSIMB March"]
[Site "Budapest HUN"]
[Date "2000.03.08"]
[Round "3"]
[White "Orso,M"]
[Black "Farago,S"]
[Result "1/2-1/2"]
[WhiteElo "2341"]
[BlackElo "2271"]

1.c4 Nf6 2.Nc3 g6 3.Nf3 Bg7 4.e4 d6 5.d4 O-O 6.Be2 e5 7.O-O Nc6 8.d5 Ne7
9.b4 Nh5 10.Re1 Nf4 11.Bf1 f5 12.Bxf4 fxe4 13.Bxe5 exf3 14.Bxg7 fxg2 15.Bxf8 gxf1=Q+
16.Rxf1 Qxf8 17.f4 Bh3 18.Rf2 Nf5 19.Qf3 Qh6 20.Ne4 Qh4 21.Re1 Rf8 22.Ng5 Bg4
23.Qe4 h6 24.Nf3 Qh5 25.Nd4  1/2-1/2

[Event "FSIMB March"]
[Site "Budapest HUN"]
[Date "2000.03.08"]
[Round "3"]
[White "Gladyszev,O"]
[Black "Rajlich,V"]
[Result "0-1"]
[WhiteElo "2349"]
[BlackElo "2309"]

1.d4 Nf6 2.c4 g6 3.Nc3 Bg7 4.e4 d6 5.Nf3 O-O 6.Be2 e5 7.O-O Nc6 8.d5 Ne7
9.Ne1 Nd7 10.f3 f5 11.Be3 f4 12.Bf2 g5 13.a4 Ng6 14.a5 h5 15.Nb5 Nf6 16.Nxa7 g4
17.Nxc8 g3 18.hxg3 fxg3 19.Bxg3 h4 20.Bh2 Nf4 21.Nd3 N6h5 22.Bxf4 exf4 23.Nf2 Ng3
24.Nxd6 cxd6 25.Qd2 Bd4 26.Kh2 Be3 27.Qc2 Bxf2 28.Rxf2 Rxa5 29.Re1 Qg5 30.Bf1 Rfa8
31.Rd2 b6 32.Rdd1 R8a7 33.Qf2 Ra2 34.e5 dxe5 35.Qxb6 h3 36.Qe6+ Kh7 37.Qxh3+ Kg8
38.Qe6+ Kh8 39.Qe8+ Kh7 40.Bd3+ e4 41.Bxe4+ Kg7 42.Qe6 Rxb2 43.Qg4 Qxg4 44.fxg4 Ra8
45.Bh7 Kxh7 46.Rb1 Re8 47.Kh3 Rxb1  0-1

[Event "FSIMB March"]
[Site "Budapest HUN"]
[Date "2000.03.11"]
[Round "6"]
[White "Rat,D"]
[Black "Gladyszev,O"]
[Result "1/2-1/2"]
[WhiteElo "2366"]
[BlackElo "2349"]

1.d4 g6 2.c4 Bg7 3.Nc3 Nf6 4.e4 d6 5.Nf3 O-O 6.Be2 e5 7.O-O Nc6 8.d5 Ne7
9.b4 Nh5 10.g3 f5 11.Ng5 Nf6 12.f3 c6 13.Be3 f4 14.Bf2 Nh5 15.g4 Bf6 16.gxh5  1/2-1/2

[Event "FSIMB March"]
[Site "Budapest HUN"]
[Date "2000.03.11"]
[Round "6"]
[White "Rajlich,V"]
[Black "Farago,S"]
[Result "0-1"]
[WhiteElo "2309"]
[BlackElo "2271"]

1.d4 Nf6 2.c4 g6 3.Nc3 Bg7 4.e4 d6 5.Be2 O-O 6.Nf3 e5 7.O-O Nc6 8.d5 Ne7
9.Nd2 c5 10.Rb1 b6 11.b4 cxb4 12.Rxb4 Nd7 13.Nb3 f5 14.Bd2 fxe4 15.Nxe4 Nc5
16.Nbxc5 bxc5 17.Rb2 Nf5 18.Bg4 h6 19.f3 Rf7 20.Qa4 Bd7 21.Qa6 Bc8 22.Qa4 Bd7
23.Qa5 Qxa5 24.Bxa5 Bf8 25.Rfb1 Kg7 26.Kf2 Bc8 27.Rb8 Rxb8 28.Rxb8 Ba6 29.Bd8 Bxc4
30.Nf6 h5 31.Bxf5 gxf5 32.Nxh5+ Kg6 33.Nf6 Bg7 34.Ne8 Rd7 35.Nc7 Bxa2 36.h4 f4
37.g4 fxg3+ 38.Kxg3 c4 39.Kg4 c3 40.h5+ Kh7 41.Rc8 Rxd8 42.Rxd8 c2 43.Ne6 Bh6
44.Rd7+ Kg8 45.Rd8+ Kf7 46.Rd7+ Ke8 47.Rxa7 Bxd5 48.Nc7+ Kd8 49.Nxd5 c1=Q
50.Ra8+ Kd7 51.Ra7+ Kc6  0-1

[Event "FSIMB March"]
[Site "Budapest HUN"]
[Date "2000.03.14"]
[Round "9"]
[White "Orso,M"]
[Black "Gara,A"]
[Result "1-0"]
[WhiteElo "2341"]
[BlackElo "2257"]

1.c4 Nf6 2.Nc3 g6 3.e4 d6 4.Be2 Bg7 5.d4 O-O 6.Nf3 e5 7.O-O Nc6 8.d5 Ne7
9.b4 Nh5 10.Re1 Nf4 11.Bf1 a5 12.bxa5 Rxa5 13.Nd2 c5 14.Rb1 h6 15.g3 Nh5
16.Be2 Nf6 17.Rb2 Nh7 18.Qb3 Ra6 19.Na4 Ng5 20.h4 Nh3+ 21.Kg2 f5 22.Nb6 fxe4
23.Nxc8 Qxc8 24.Nxe4 Qf5 25.Bd1 Rb8 26.Qf3 Nf4+ 27.gxf4 exf4 28.Nxd6 Qd7
29.Rbe2  1-0

[Event "FSIMB March"]
[Site "Budapest HUN"]
[Date "2000.03.16"]
[Round "11"]
[White "Orso,M"]
[Black "Gladyszev,O"]
[Result "1/2-1/2"]
[WhiteElo "2341"]
[BlackElo "2349"]

1.d4 Nf6 2.c4 g6 3.Nc3 Bg7 4.e4 d6 5.Be2 O-O 6.Nf3 e5 7.O-O Nc6 8.d5 Ne7
9.b4 Nh5 10.Re1 Nf4 11.Bf1 a5 12.Ba3 Bg4 13.h3 Bxf3 14.Qxf3 axb4 15.Bxb4 c5
16.dxc6 Nxc6 17.Rab1 Ne6 18.Qd1 Ned4 19.a3 Nxb4 20.axb4 Qg5 21.Nb5  1/2-1/2

[Event "16th Spring Festival"]
[Site "Budapest HUN"]
[Date "2000.03.18"]
[Round "2"]
[White "Bordas,G"]
[Black "Horvath,Ga1"]
[Result "0-1"]
[WhiteElo "2132"]
[BlackElo "2265"]

1.c4 g6 2.Nc3 Bg7 3.d4 Nf6 4.e4 d6 5.Be2 O-O 6.Nf3 e5 7.O-O Nc6 8.d5 Ne7
9.Ne1 Nd7 10.f3 f5 11.g4 Kh8 12.Bd2 Ng8 13.Qc1 f4 14.Nc2 h5 15.h3 Bf6 16.Be1 Rf7
17.Kg2 Rh7 18.Rh1 Bh4 19.Bxh4 Qxh4 20.Qe1 Qd8 21.Qf2 a5 22.b3 Nc5 23.Rab1 Bd7
24.Na1 g5 25.Rbg1 Qf6 26.Kf1 Ne7 27.Nc2 Ng6 28.Ne1 Kg7 29.h4 Nxh4 30.gxh5 Kf7
31.Nd3 Nxd3 32.Bxd3 b6 33.Nb5 Bxb5 34.cxb5 Rxh5 35.Qc2 Qe7 36.Kf2 Kf6 37.Rc1 Rh7
38.Bf1 Rah8 39.Bg2 Qg7 40.Rhg1 g4 41.fxg4 Qxg4 42.Qc3 Nxg2 43.Rxg2 Rh2 44.Qf3 Qh4+
45.Ke2 Rg8 46.Rg1 Rg3 47.Qf2 Qg4+ 48.Kf1 Qd1+  0-1

[Event "NED-chT"]
[Site "Leeuwarden NED"]
[Date "2000.03.18"]
[Round "5"]
[White "Chuchelov,V"]
[Black "Jens,J"]
[Result "1-0"]
[WhiteElo "2518"]
[BlackElo "2293"]

1.Nf3 Nf6 2.c4 g6 3.Nc3 Bg7 4.e4 d6 5.d4 O-O 6.Be2 e5 7.O-O Nc6 8.d5 Ne7
9.Nd2 a5 10.a3 Bd7 11.b3 c6 12.Rb1 b5 13.b4 bxc4 14.Nxc4 cxd5 15.exd5 Bf5
16.Rb3 axb4 17.axb4 Ne4 18.Na5 Nxc3 19.Rxc3 Rxa5 20.bxa5 Qxa5 21.Ra3 Qxd5
22.Ra6 Qxd1 23.Rxd1 d5 24.Ba3 Re8 25.Bb5  1-0

[Event "Extraliga CZE"]
[Site "Ostrava CZE"]
[Date "2000.03.18"]
[Round "10"]
[White "Matlak,M"]
[Black "Babula,V"]
[Result "1/2-1/2"]
[WhiteElo "2482"]
[BlackElo "2567"]

1.d4 Nf6 2.Nf3 g6 3.c4 Bg7 4.Nc3 O-O 5.e4 d6 6.Be2 e5 7.O-O Nc6 8.dxe5 dxe5
9.Bg5 Qxd1 10.Rfxd1 Bg4 11.h3 Bxf3 12.Bxf3 Nd4 13.Nd5 Nxd5 14.cxd5 c6 15.dxc6 bxc6
16.Rac1 Rfb8 17.b3 a5 18.Be3 a4 19.Bxd4 exd4 20.e5 axb3 21.axb3 Rxb3 22.Rxd4 Bxe5
23.Bxc6 Bxd4 24.Bxa8 Rb2 25.Rf1 f5 26.g4 Kg7 27.Kg2 Kf6 28.Kg3 Rb3+ 29.Bf3 Rb2
30.Bc6 h5 31.gxh5 gxh5 32.h4  1/2-1/2

[Event "Amber Rapidplay"]
[Site "Monaco MNC"]
[Date "2000.03.26"]
[Round "9"]
[White "Van Wely,L"]
[Black "Topalov,V"]
[Result "1-0"]
[WhiteElo "2646"]
[BlackElo "2702"]

1.d4 Nf6 2.c4 g6 3.Nc3 Bg7 4.e4 d6 5.Nf3 O-O 6.Be2 e5 7.O-O Nc6 8.d5 Ne7
9.b4 a5 10.Ba3 b6 11.bxa5 Nh5 12.Nb5 Rxa5 13.Bb4 Ra6 14.Nd2 Nf4 15.Re1 Nxe2+
16.Qxe2 f5 17.a4 fxe4 18.Nxe4 Nf5 19.Qd1 Rf7 20.a5 bxa5 21.Rxa5 h6 22.Qa1 Rxa5
23.Qxa5 Bf8 24.Qa8 Nd4 25.Na7 Nc2 26.Qxc8 Qxc8 27.Nxc8 Nxb4 28.Rb1 Nd3 29.Rb7 h5
30.g3 Bh6 31.Kf1 h4 32.Rb3 Nc1 33.Ra3 hxg3 34.hxg3 g5 35.g4 Bf8 36.Ke1 c6
37.Ncxd6 cxd5 38.cxd5 Rf4 39.Ra8 Nd3+ 40.Ke2 Nb4 41.f3 Nxd5 42.Nf5 Nc7 43.Rd8 Ne6
44.Rd7 Bg7 45.Nxg5 Nd4+ 46.Nxd4 Rxd4 47.Rxg7+  1-0

[Event "21st Open A"]
[Site "Bled SLO"]
[Date "2000.03.27"]
[Round "3"]
[White "Hoelzl,F"]
[Black "Gombac,Jan"]
[Result "1-0"]
[WhiteElo "2398"]
[BlackElo "2247"]

1.d4 Nf6 2.Nf3 g6 3.c4 Bg7 4.Nc3 O-O 5.e4 d6 6.Be2 e5 7.O-O Nc6 8.d5 Ne7
9.Bg5 Ne8 10.Nd2 h6 11.Be3 f5 12.f3 f4 13.Bf2 g5 14.c5 h5 15.Rc1 Rf6 16.Nb5 a6
17.cxd6 cxd6 18.Nc7 Nxc7 19.Bb6 Rg6 20.Bxc7 Qd7 21.Ba5 b5 22.h3 Qa7+ 23.Rf2 Bf6
24.Rc7 Bb7 25.Nb3 g4 26.fxg4 Bh4 27.Be1 Qb6 28.Qc2 Rc8 29.Rxc8+ Bxc8 30.gxh5 Rg7
31.Kf1 a5 32.Nd2 Ba6 33.Nf3 Bg3 34.Bd3 Bxf2 35.Qxf2 Qxf2+ 36.Kxf2 a4 37.Bb4 Nc8
38.Nh4 Rd7 39.Nf5 Kf7 40.Ke1 Kf6 41.Kd1 Kf7 42.Be2 Rd8 43.Bg4 Kg8 44.Kd2 Nb6
45.b3 axb3 46.axb3 Nc8 47.Kc3 Kh7 48.Ba5 Rd7 49.Kb4 Rb7 50.Bd8 Rd7 51.Bg5 Rc7
52.Nh4 Ne7 53.Ka5 Bc8 54.Bxe7 Bxg4 55.Bxd6 Rd7 56.hxg4 Rxd6 57.g5 Rd8 58.Nf5 Ra8+
59.Kb6 Ra2 60.d6 Rxg2 61.d7 Rd2 62.Kc7 Rc2+ 63.Kd6 Rd2+ 64.Ke7 f3 65.d8=Q Rxd8
66.Kxd8 f2 67.Ne3  1-0

[Event "21st Open A"]
[Site "Bled SLO"]
[Date "2000.03.27"]
[Round "3"]
[White "Hanko,P"]
[Black "Basagic,Z"]
[Result "0-1"]
[WhiteElo "2263"]
[BlackElo "2338"]

1.d4 g6 2.Nf3 Bg7 3.c4 d6 4.Nc3 Nf6 5.e4 O-O 6.Be2 e5 7.O-O Nc6 8.d5 Ne7
9.Nd2 Ne8 10.b4 f5 11.c5 Nf6 12.f3 f4 13.Nc4 g5 14.a4 h5 15.h3 g4 16.fxg4 hxg4
17.hxg4 Bh6 18.b5 Rf7 19.b6 axb6 20.cxd6 cxd6 21.Ba3 Rg7 22.Bxd6 Nxg4 23.Bxe5 Nxe5
24.Nxe5 Qd6 25.Nf3 Rg3 26.Rf2 Ng6 27.e5 Nxe5 28.Ne4 Qg6 29.Nxe5 Qxe4 30.Nf3 Bf8
31.Bd3 Qe3 32.d6 Be6 33.Qf1 Qc5 34.Re1 Bf7 35.d7 Rd8 36.Ne5 Be6 37.Kh2 Bg7
38.Rxf4 Bxe5 39.Rxe5 Qxe5 40.Kxg3 Rxd7 41.Qe2 Rg7+ 42.Kf3 Bd5+ 43.Be4 Qc3+
44.Kf2 Qg3+ 45.Kg1 Qxf4 46.Bxd5+ Kf8 47.Qe6 Qc7 48.Qf6+ Ke8 49.Bf3 Qc5+ 50.Kf1 Rf7
51.Qe6+ Re7 52.Qg8+ Kd7 53.Bg4+ Kc7 54.Qc8+ Kd6 55.Qd8+ Ke5 56.Bf3 Qc4+ 57.Kf2 Qd4+
58.Qxd4+ Kxd4 59.Be2 Rf7+ 60.Kg3 Ke3 61.Bg4 Rg7 62.Kh4 Kf2 63.Bf3 Rc7 64.Kg5 Rc4
65.Bxb7 Rxa4 66.g4 Kg3 67.Bc8 Rc4 68.Be6 Rc5+ 69.Kf6 Kf4 70.Ke7 b5 71.Kd6 Rg5
72.Bf5 b4 73.Kc5 b3 74.Kc4 Rxf5  0-1

[Event "ch-LTU"]
[Site "Vilnius LTU"]
[Date "2000.03.28"]
[Round "4"]
[White "Butnorius,A"]
[Black "Godlauskas,K"]
[Result "1/2-1/2"]
[WhiteElo "2434"]
[BlackElo "2225"]

1.Nf3 Nf6 2.c4 g6 3.d4 Bg7 4.Nc3 O-O 5.e4 d6 6.Be2 e5 7.O-O Nc6 8.d5 Ne7
9.b4 a5 10.Ba3 axb4 11.Bxb4 Nd7 12.a4 h6 13.Nd2 f5 14.Nb5 Rf6 15.Qc2 Bf8
16.Nb3 fxe4 17.Qxe4 Kh7 18.Bd3 Nb8 19.Bd2 Na6 20.Nc3 Bf5 21.Qe2 Qe8 22.Ne4 Bxe4
23.Bxe4 Qf7 24.Rab1 Qe8 25.a5 Nf5 26.Qd3 Bg7 27.Bc3 Rf8 28.Rfc1 h5 29.Bd2 Qf7
30.f3 Bh6 31.Bxh6 Kxh6 32.c5 Kg7 33.Qd2 Qe7 34.c6 Rfb8 35.Bd3 bxc6 36.Rxc6 Nb4
37.Rc4 Nxd3 38.Qxd3 Qd7 39.Rbc1 Rc8 40.Rc6 Ne7 41.R6c3 Ra7 42.Kh1 Rca8 43.Qd2 Qb5
44.Rd1 Rb8 45.h3 Nf5 46.f4 Qa4 47.Qc2 Qxf4 48.Rxc7+ Rxc7 49.Qxc7+ Kh6 50.Qxb8  1/2-1/2

[Event "21st Open A"]
[Site "Bled SLO"]
[Date "2000.03.29"]
[Round "5"]
[White "Tratar,M"]
[Black "Jankovic,A"]
[Result "1-0"]
[WhiteElo "2439"]
[BlackElo "2320"]

1.d4 Nf6 2.Nf3 g6 3.c4 Bg7 4.Nc3 O-O 5.e4 d6 6.Be2 e5 7.O-O Nc6 8.d5 Ne7
9.Nd2 a5 10.Rb1 Nd7 11.a3 f5 12.b4 Kh8 13.f3 Ng8 14.Qc2 Nh6 15.Nb5 axb4 16.axb4 Nf6
17.c5 Nh5 18.g3 fxe4 19.Nxe4 c6 20.Bg5 Qd7 21.dxc6 bxc6 22.Nbxd6 Nf5 23.Nxf5 gxf5
24.Nd6 Qe6 25.Bc4  1-0

[Event "FSIMB April"]
[Site "Budapest HUN"]
[Date "2000.04.01"]
[Round "1"]
[White "Karttunen,M"]
[Black "Rajlich,V"]
[Result "1-0"]
[WhiteElo "2313"]
[BlackElo "2309"]

1.d4 Nf6 2.c4 g6 3.Nc3 Bg7 4.e4 d6 5.Nf3 O-O 6.Be2 e5 7.O-O Nc6 8.d5 Ne7
9.b4 Nh5 10.Qc2 a5 11.bxa5 Rxa5 12.Nd2 Nf4 13.Nb3 Ra8 14.Bd1 c5 15.g3 Nh3+
16.Kg2 Qd7 17.f3 h5 18.Be2 g5 19.a4 h4 20.g4 Nf4+ 21.Kh1 Neg6 22.Be3 Bf6
23.a5 Bd8 24.Na4 Bc7 25.Ra3 Qd8 26.Rfa1 Ra6 27.Bf1 Bd7 28.Nc3 Qf6 29.Nb5 Rc8
30.Nxc7 Rxc7 31.Qd1 Rc8 32.Nd2 Rca8 33.Qb3 R8a7 34.Nb1 Kg7 35.Kg1 Be8 36.Bd2 Qd8
37.R3a2 Qa8 38.Na3 Qc8 39.h3 Nf8 40.Nc2 Nh7 41.Ra3 Nf6 42.Rb1 Bd7 43.Qa2 Qd8
44.Rab3 Bc8 45.Qb2 Ne8 46.Ne3 f6 47.Qc1 Ra8 48.R3b2 Nc7 49.Kh2 R6a7 50.Rb6 Na6
51.Nc2 Nb8 52.Qe1 Ra6 53.R6b3 Kf8 54.Ne3 Ke8 55.Nd1 R6a7 56.Nb2 Nd7 57.Na4 Ra6
58.R1b2 Qc7 59.Qb1 Kd8 60.Rb5 Ke8 61.R5b3 Kd8 62.Qc2 Ke8 63.Nc3 Qd8 64.Na4 Qc7
65.Rb1 Qd8 66.Re1 Qc7 67.Nc3 b6 68.Nb5 Qb8 69.Bxf4 gxf4 70.Qf2 Rxa5 71.Qxh4 Ra1
72.Qh8+ Ke7 73.Qg7+ Ke8 74.Rxa1 Rxa1 75.g5 fxg5 76.Qg6+ Ke7 77.Qe6+ Kd8 78.Qg8+ Ke7
79.Qxg5+ Kf7 80.Qh5+ Kg7 81.Rb2 Nf6 82.Rg2+ Bg4 83.Qg5+ Kf7 84.Kg1 Qh8 85.Nxd6+ Ke7
86.Qxe5+ Kd7 87.Qxa1 Bxf3  1-0

[Event "Cat XI Spring"]
[Site "Kiev UKR"]
[Date "2000.04.01"]
[Round "11"]
[White "Korotylev,A"]
[Black "Iordachescu,V"]
[Result "1/2-1/2"]
[WhiteElo "2477"]
[BlackElo "2560"]

1.d4 Nf6 2.c4 g6 3.Nc3 Bg7 4.e4 d6 5.Nf3 O-O 6.Be2 e5 7.O-O Nc6 8.d5 Ne7
9.Nd2 a5 10.a3 Nd7 11.Rb1 f5 12.b4  1/2-1/2

[Event "21st Open A"]
[Site "Bled SLO"]
[Date "2000.04.02"]
[Round "9"]
[White "Sitnik,I"]
[Black "Rudolf,Hen"]
[Result "1/2-1/2"]
[WhiteElo "2371"]
[BlackElo "2308"]

1.d4 g6 2.Nf3 Bg7 3.c4 d6 4.Nc3 Nf6 5.e4 O-O 6.Be2 e5 7.O-O Nc6 8.d5 Ne7
9.Ne1 Nd7 10.f3 f5 11.Be3 Kh8 12.g4 Ng8 13.gxf5 gxf5 14.Kh1 a6 15.Nd3 Ndf6
16.Rg1 Bh6 17.Bf2 Nh5 18.Qf1 Ngf6 19.c5 Bd7 20.cxd6 cxd6 21.Qe1 Rc8 22.Bh4 Be3
23.Bf2 Bh6 24.Bh4 Be3 25.Bf2  1/2-1/2

[Event "FSIMA April"]
[Site "Budapest HUN"]
[Date "2000.04.05"]
[Round "5"]
[White "Orso,M"]
[Black "Alfred,N"]
[Result "1-0"]
[WhiteElo "2341"]
[BlackElo "2200"]

1.d4 Nf6 2.c4 g6 3.Nc3 Bg7 4.e4 d6 5.Be2 O-O 6.Nf3 e5 7.O-O Nc6 8.d5 Ne7
9.b4 Nh5 10.Re1 Nf4 11.Bf1 a5 12.Ba3 axb4 13.Bxb4 b6 14.a4 f5 15.Nd2 c5 16.dxc6 Nxc6
17.Ba3 Qg5 18.g3 Nd4 19.Ra2 Nh5 20.Nb5 f4 21.Nxd4 fxg3 22.N4f3 gxf2+ 23.Kxf2 Bg4
24.Bg2 Rf4 25.Kg1 Qf6 26.Rf1 Rf8 27.Qb3 Bh6 28.Qxb6 Bxf3 29.Nxf3 Rxe4 30.Qxd6 Be3+
31.Kh1 Rh4 32.Nxh4  1-0

[Event "Val Zemitis IM"]
[Site "San Francisco USA"]
[Date "2000.04.06"]
[Round "2"]
[White "Altounian,L"]
[Black "Baginskaite,C"]
[Result "1-0"]
[WhiteElo "2438"]
[BlackElo "2240"]

1.Nf3 Nf6 2.c4 g6 3.Nc3 Bg7 4.e4 d6 5.d4 O-O 6.Be2 e5 7.O-O Nc6 8.dxe5 dxe5
9.Bg5 Qxd1 10.Rfxd1 Bg4 11.Rd3 Bxf3 12.Bxf3 Nd4 13.Nd5 Nxd5 14.cxd5 c6 15.dxc6 bxc6
16.Rc1 a5 17.Bd1 Rfb8 18.b3 Bf8 19.Be3 c5 20.Kf1 h5 21.Rc4 Rb4 22.Rdc3 Rab8
23.Ke1 Rxc4 24.Rxc4 Rb4 25.Bd2 Rb7 26.Bxa5 Ra7 27.Ra4 Nc6 28.Bc3 Rxa4 29.bxa4 c4
30.Be2 Bb4 31.Bxb4 Nxb4 32.Bxc4 Kf8 33.Bd5 Ke7 34.a5 f6 35.a3 Na6 36.Bb7  1-0

[Event "FSIMB April"]
[Site "Budapest HUN"]
[Date "2000.04.09"]
[Round "9"]
[White "Khechumyan,G"]
[Black "Rajlich,V"]
[Result "0-1"]
[WhiteElo "2236"]
[BlackElo "2309"]

1.d4 Nf6 2.c4 g6 3.Nc3 Bg7 4.e4 d6 5.Nf3 O-O 6.Be2 e5 7.O-O Nc6 8.d5 Ne7
9.Ne1 Nd7 10.Be3 f5 11.f3 f4 12.Bf2 g5 13.c5 Nxc5 14.Bxc5 dxc5 15.Nd3 b6
16.b4 cxb4 17.Nxb4 a5 18.Nd3 Kh8 19.Qb3 Ba6 20.Rac1 Nc8 21.Nb2 Bxe2 22.Nxe2 Nd6
23.Rc6 g4 24.Rfc1 gxf3 25.gxf3 Rf7 26.Kh1 Qh4 27.Rxc7 Rxc7 28.Rxc7 Rf8 29.Nd3 Rf6
30.Ng1 Nxe4 31.fxe4 f3 32.Rc2 Qxe4 33.Nf2 Qe1 34.Qc3 Qf1 35.Qc8+ Bf8 36.Qh3 Qb1
37.Rc7 h6 38.Qg3 Rg6 39.Ng4 f2 40.Qxf2 Qe4+ 41.Qf3 Rxg4 42.Qxe4 Rxe4 43.Nf3 Re2
44.a4 e4 45.Ne5 e3 46.d6 Bxd6 47.Nf7+ Kg8 48.Nxd6 Rd2 49.Rc8+ Kh7 50.Rc7+ Kg6
51.Nc4 e2 52.Ne5+ Kh5 53.Nf3 Rd3 54.Re7 Rxf3 55.Rxe2 Rf4 56.Re5+ Kh4 57.Re6 h5
58.Rxb6 Rxa4 59.Rb2 Rg4 60.Rb3 Rb4 61.Ra3 a4 62.Ra1 Kg4 63.Kg1 Kf3 64.Kf1 Rb3  0-1

[Event "Open"]
[Site "Dos Hermanas ESP"]
[Date "2000.04.09"]
[Round "3"]
[White "Spraggett,K"]
[Black "Barrero Garcia,C"]
[Result "0-1"]
[WhiteElo "2529"]
[BlackElo "2300"]

1.d4 Nf6 2.c4 g6 3.Nc3 Bg7 4.e4 d6 5.Be2 O-O 6.Nf3 e5 7.O-O Nc6 8.d5 Ne7
9.Nd2 a5 10.Rb1 Nd7 11.a3 f5 12.b4 axb4 13.axb4 Nf6 14.f3 f4 15.c5 g5 16.Nc4 Ng6
17.Bd2 h5 18.Ra1 Rxa1 19.Qxa1 g4 20.cxd6 cxd6 21.Qa5 Qe7 22.Nb6 g3 23.Nxc8 gxh2+
24.Kh1 Rxc8 25.Qb6 h4 26.Kxh2 Nh5 27.Rc1 Ng3 28.Qf2 Bf6 29.Bb5 h3 30.gxh3 Bh4
31.Qb6 Nh5 32.Ne2 Bg3+ 33.Kh1 Rxc1+ 34.Bxc1 Nh4 35.Qa5 Bf2 36.Qa8+ Kh7 37.Qc8 Nf6
38.Nxf4 Qg7  0-1

[Event "Val Zemitis IM"]
[Site "San Francisco USA"]
[Date "2000.04.09"]
[Round "6"]
[White "Akopyan,H"]
[Black "Cela,A"]
[Result "0-1"]
[WhiteElo "2274"]
[BlackElo "2527"]

1.d4 Nf6 2.c4 g6 3.Nc3 Bg7 4.e4 d6 5.Nf3 O-O 6.Be2 e5 7.O-O Nc6 8.d5 Ne7
9.Nd2 a5 10.a3 Bd7 11.b3 c6 12.Rb1 b5 13.dxc6 b4 14.cxd7 bxc3 15.Nf3 Nxe4
16.Qd3 d5 17.cxd5 Nd6 18.Qxc3 Qxd7 19.Bc4 e4 20.Ne5 Qc7 21.Bb2 Rfe8 22.f4 a4
23.Qh3 Nef5 24.Rfc1 e3 25.Be2 Qa7 26.Nc6 Qd7 27.Be5 Ne4 28.g4 Nf2 29.Qf3 Nh4
30.Qxe3 Nxg4 31.Qh3 Nxe5 32.Qxh4 Nxc6 33.dxc6 Bd4+ 34.Kf1 Qd5 35.Ke1 Rxe2+
36.Kxe2 Re8+ 37.Kd2 Bf6+  0-1